书目信息 |
| 题名: |
总统保镖
|
|
| 作者: | 麦卡锡 , 史密斯 著 ;张伉 , 钟丽 译 | |
| 分册: | ||
| 出版信息: | 武汉 长江文艺出版社 1988.7 |
|
| 页数: | 186页 | |
| 开本: | 19cm | |
| 丛书名: | ||
| 单 册: | ||
| 中图分类: | I712.55 , I712.4 | |
| 科图分类: | ||
| 主题词: | 政治事件--美国--现代--史料 | |
| 电子资源: | ||
| ISBN: | 7-5354-0162-7 | |
| 000 | 00952nam0 2200265 450 | |
| 001 | 1556505874 | |
| 005 | 20150127154240.03 | |
| 010 | @a7-5354-0162-7@dCNY1.60 | |
| 100 | @a20130329d1988 m y0chiy0110 ea | |
| 101 | 1 | @achi@ceng |
| 102 | @aCN@b420000 | |
| 105 | @ay z 000yy | |
| 200 | 1 | @a总统保镖@9zong tong bao biao@f(美)麦卡锡(McCarthy.D.),史密斯(Smith,P.)著@g张 伉,钟 丽译 |
| 210 | @a武汉@c长江文艺出版社@d1988.7 | |
| 215 | @a186页@d19cm | |
| 330 | @a本书以回忆录的形式,既真实地介绍了作者在二十余年的保镖生涯中所碰到的震动美国及世界的重大事件,又详细地记述了他们所遇到的奇闻趣事。 | |
| 606 | 0 | @a政治事件@y美国@z现代@x史料 |
| 690 | @aI712.55@v1980 | |
| 690 | @aI712.4@v4 | |
| 701 | 0 | @c(美)@a麦卡锡@9mai ka xi@c(McCarthy, Dennis V. N.)@4著 |
| 701 | 1 | @c(美)@a史密斯@9shi mi si@c(Smith, Philip W.)@4著 |
| 702 | 0 | @a张伉@9zhang kang@4译 |
| 702 | 0 | @a钟丽@9zhong li@4译 |
| 801 | 0 | @aCN@bTSSF@c20150127 |
| 905 | @aZUCC@dI712.4@eJY89 | |
| 总统保镖/(美)麦卡锡(McCarthy.D.),史密斯(Smith,P.)著/张 伉,钟 丽译.-武汉:长江文艺出版社,1988.7 |
| 186页;19cm |
| ISBN 7-5354-0162-7:CNY1.60 |
| 本书以回忆录的形式,既真实地介绍了作者在二十余年的保镖生涯中所碰到的震动美国及世界的重大事件,又详细地记述了他们所遇到的奇闻趣事。 |
| ● |
| 相关链接 |
|
|
|
|
正题名:总统保镖
索取号:I712.4/JY89
 
预约/预借
| 序号 | 登录号 | 条形码 | 馆藏地/架位号 | 状态 | 备注 |
| 1 | 7837845 | 278378453 | 学院路分馆/ [索取号:I712.4/JY89] | 在馆 | |
| 2 | 7837846 | 278378462 | 学院路分馆/ [索取号:I712.4/JY89] | 在馆 | |
| 3 | 7837847 | 278378471 | 学院路分馆/ [索取号:I712.4/JY89] | 在馆 | |
| 4 | 7837848 | 278378480 | 学院路分馆/ [索取号:I712.4/JY89] | 在馆 |